LEADER 01389nam a2200325 i 4500 001 000000146206 003 CaOOAMICUS 005 20180928161325.0 008 051222s1979 it u000 u ita u 013 $a122887 040 $aSeMil$bita 100 1 $aArgan, Giulio Carlo,$d<1909-1992>.$0(OLS)http://semarc/name/5637 245 10$aCanova, Cicognara, Foscolo /$cGiulio Carlo Argan, Giandomenico Romanelli, Giovanni Scarabello. 260 $aVenezia :$bArsenale,$cstampa 1979. 300 $a46 p. :$briccamente ill. ;$c22 cm. 490 0 $aCultura/Territorio ;$v2 500 $aFondo Ciprandi. 600 14$aFoscolo, Ugo <1778-1827>.$0(OLS)http://semarc/subject/5620 600 14$aCanova, Antonio <1757-1822>.$0(OLS)http://semarc/subject/15168 600 14$aCicognara, Leopoldo <1767-1834>.$0(OLS)http://semarc/subject/28612 700 1 $aScarabello, Giovanni.$0(OLS)http://semarc/name/37297 700 1 $aRomanelli, Giandomenico.$0(OLS)http://semarc/name/6756 830 0$aCultura/Territorio ;$v2.$0(OLS)http://semarc/title/19077 850 $aSeMil 852 $aSeMil$W1$xVenegono$y1$m5R I 26$j98902$B98902$CSeMilBibl$Z2$F107223 $81 941 1 $a1 961 $aOmaggio: Ciprandi dott. Paolo 996 $6245$aCanova, Cicognara, Foscolo$9(OLS)http://semarc/title/213799 996 $6260$aVenezia :$bArsenale$9(OLS)http://semarc/publisher/32699 LEADER 00657nam a2200181 i 4500 001 000000091073 003 CaOOAMICUS 005 20151215000000.0 008 151215s1859 xx u000 u fre u 013 $a63315 040 $aSeMil$bita 245 10$aTome 1. 300 $a392 p. 773 0 $aMontalembert, Charles : de <1810-1870>$tHistoire de sainte Elisabeth de Hongrie, duchesse de Thuringe, 1207-1231.$b8. éd.$dParis : Ambroise Bray, 1859.$g1$w()13420 850 $aSeMil 852 $aSeMil$W1$xVenegono$y1$m3J II 21 FA$j54034$B54034$CSeMilBibl$Z2$F58674 $8I 961 $aOmaggio: Zambruno Elisabetta 996 $6245$aTome 1$9(OLS)http://semarc/title/1447